| 000 | 00531nam a22001937a 4500 | ||
|---|---|---|---|
| 999 |
_c6314 _d6314 |
||
| 003 | OSt | ||
| 005 | 20190916104520.0 | ||
| 008 | 190916b ||||| |||| 00| 0 eng d | ||
| 020 | _a0486419762 | ||
| 040 | _cDDC. | ||
| 082 | _a515.353 DUC 2002. | ||
| 100 |
_aDuchateau,Paul;Zachmann,David; _912936 |
||
| 245 | _aApplied Partial Differential Equations; | ||
| 260 |
_aUSA, _bDover public ations,inc. _c2002. |
||
| 300 |
_axiv,620p; _bill, _c25cm. |
||
| 504 | _aincludes index. | ||
| 650 |
_aMathematics. _9810 |
||
| 942 |
_2ddc _cO_SHELF |
||